000 00393nam a2200169Ia 4500
008 221030s9999 xx 000 0 und d
020 _a0070444854
041 _aEnglish
082 _a105.23
_bVel
100 _aR. Velpuri
245 0 _aOracle 8i Backup & Recovery Handbook
260 _bTMH
_aNew Delhi
_c2001
300 _a695
650 _aComputers
700 _aA. Adkoli
942 _cBK
999 _c1848
_d1848